[Event "Asian-ch Indoor Games qual (Women Rapid"]
[Site "Bangkok"]
[Date "2017.05.20"]
[Round "5.3"]
[White "Chaipa, Kanyanut"]
[Black "Thongsuk, Supawaree"]
[Result "1/2-1/2"]
[WhiteElo "1463"]
[BlackElo "1251"]
[PlyCount "140"]
[EventDate "2017.05.20"]
[EventType "swiss (rapid)"]
[EventRounds "9"]
[EventCountry "THA"]
[SourceTitle "EXT 2024"]
[Source "ChessBase"]
[SourceDate "2023.10.10"]
[SourceVersion "1"]
[SourceVersionDate "2023.10.10"]
[SourceQuality "1"]

1. e4 d5 2. exd5 Qxd5 3. Qe2 Bf5 4. Nc3 Qd6 5. Qb5+ Qc6 6. Qxf5 e6 7. Qf3 Qxf3 8. Nxf3 Nc6 9. Bb5 Nge7 10. Bxc6+ Nxc6 11. d3 Nb4 12. 0-0 Nxc2 13. Rb1 Nb4 14. Nb5 Bd6 15. Nxd6+ cxd6 16. d4 Nxa2 17. Bd2 0-0 18. Ra1 h6 19. Rxa2 Rfc8 20. b3 a6 21. h3 Rc7 22. Bf4 Rc3 23. Rc1 Rxb3 24. Bxd6 Rd8 25. Be7 Rd7 26. Bh4 f5 27. Rac2 g5 28. Rc8+ Kg7 29. R8c7 Rxc7 30. Rxc7+ Kf6 31. Kh2 gxh4 32. Nxh4 a5 33. Rc1 a4 34. Nf3 Rd3 35. Ra1 b5 36. Rb1 Rb3 37. Rxb3 axb3 38. Nd2 b2 39. Kg1 Ke7 40. Kf1 Kd6 41. Ke1 Kd5 42. Kd1 Kxd4 43. Kc2 e5 44. Kxb2 e4 45. Kc2 f4 46. h4 e3 47. Nb3+ Kc4 48. fxe3 fxe3 49. Nc1 b4 50. Kd1 b3 51. Nxb3 Kxb3 52. Ke2 Kc4 53. Kxe3 Kd5 54. Kf4 Ke6 55. g3 Kf6 56. g4 Ke6 57. g5 hxg5+ 58. Kxg5 Kf7 59. h5 Kg7 60. Kh4 Kh6 61. Kg4 Kh7 62. Kg5 Kg7 63. h6+ Kh7 64. Kh5 Kg8 65. Kg4 Kh7 66. Kg5 Kg8 67. Kh5 Kh7 68. Kg5 Kg8 69. Kf6 Kh7 70. Kf5 Kxh6 1/2-1/2